| 000 | 00451nam a2200157Ia 4500 | ||
|---|---|---|---|
| 008 | 151213s9999 xx 000 0 und d | ||
| 100 | _aD. Hawkings , R. S. Best & K.A. Coney | ||
| 245 |
_aConsumer Behavior _cD. Hawkings , R. S. Best & K.A. Coney |
||
| 250 | _a9th | ||
| 260 |
_aNew York _bMc Grow Hill _c2004 |
||
| 300 | _a4271 p. | ||
| 650 | _aManagement | ||
| 650 | _aManagement | ||
| 700 | _aD. Hawkings , R. S. Best & K.A. Coney | ||
| 999 |
_c2694 _d2694 |
||